00535 2200169 4500245005200000020002200052100001500074100001100089650001600100005001900116260004200135041001400177084000800191300002200199500013500221336000900356 aLupus ABG b : Suster Ngepooot !cHilmanhText a978-979-22-3547-0 aBoim Lebon aHilman aNovel Fiksi a20231004143608 aJakartabGramedia Pustaka Utamac2008 aIndonesia a813 a168 hlm. :c18 cm aMalam itu tiba-tiba bdan lulu panas banget. Karena panasnya nggak kunjung turun, akhirnya mami minta lupus membawa lulu ke dokter. atext